| 000 | 00474nam a22002057a 4500 | ||
|---|---|---|---|
| 001 | 22162 | ||
| 005 | 20260330174153.0 | ||
| 008 | 260330b |||||||| |||| 00| 0 spa d | ||
| 041 | _aCAT | ||
| 082 |
_a629.892 _bS714 |
||
| 100 | _aSaha, Subir Kumar, | ||
| 245 | _aIntroducción a la robótica | ||
| 260 |
_a : _b , _c2010 |
||
| 300 |
_a000 páginas : _b ; _c00 cm. |
||
| 440 | _a ; | ||
| 650 | _aTCA | ||
| 654 | _aCCC | ||
| 700 | _a; | ||
| 942 |
_cLIB _dJUS _fJUS _n0 _2ddc |
||
| 999 |
_c22162 _d22162 |
||